[Event "London m2"]
[Site "London"]
[Date "1987.??.??"]
[Round "1"]
[White "Levitt, Jonathan"]
[Black "Anand, Viswanathan"]
[Result "1/2-1/2"]
[WhiteElo "2430"]
[BlackElo "2500"]
[PlyCount "37"]
[EventDate "1987.06.??"]
[Source "ChessBase"]
[SourceDate "1996.11.15"]

1. d4 Nf6 2. c4 e6 3. Nf3 b6 4. Nc3 Bb7 5. a3 d5 6. cxd5 Nxd5 7. Qc2 Nxc3 8.
bxc3 c5 9. e4 Nd7 10. Bf4 Rc8 11. d5 exd5 12. exd5 Qf6 13. Bg5 Qd6 14. Bb5 Be7
15. O-O O-O 16. Bxe7 Qxe7 17. Rfe1 Qd6 18. Bxd7 Qxd7 19. Ng5 1/2-1/2

[Event "London m2"]
[Site "London"]
[Date "1987.??.??"]
[Round "2"]
[White "Anand, Viswanathan"]
[Black "Levitt, Jonathan"]
[Result "1/2-1/2"]
[WhiteElo "2500"]
[BlackElo "2430"]
[PlyCount "100"]
[EventDate "1987.06.??"]
[Source "ChessBase"]
[SourceDate "1996.11.15"]

1. e4 e6 2. d4 d5 3. Nc3 Bb4 4. e5 c5 5. a3 Bxc3+ 6. bxc3 Ne7 7. Nf3 Bd7 8. Be2
Ba4 9. O-O Qc7 10. Bd3 c4 11. Be2 h6 12. Nh4 Ng6 13. Nf3 Nc6 14. h4 O-O-O 15.
h5 Nge7 16. g3 Rdg8 17. Re1 f5 18. Nh4 g5 19. hxg6 Nxg6 20. Nxg6 Rxg6 21. Kg2
h5 22. Rh1 h4 23. Bf4 Rgg8 24. Qd2 Qg7 25. Rag1 hxg3 26. fxg3 Nd8 27. Kf2 Rxh1
28. Rxh1 Nf7 29. Rh5 b6 30. Qc1 Rh8 31. Rh4 Be8 32. Qh1 b5 33. Ke1 Qf8 34. Bc1
Qg7 35. Qh2 a6 36. Kd1 Rg8 37. g4 fxg4 38. Bxg4 Bd7 39. Be3 Rh8 40. Rxh8+ Nxh8
41. Qh3 Qg8 42. Qh4 Nf7 43. Kc1 Nd8 44. Kb2 Nc6 45. Bh5 Be8 46. Bg4 Bf7 47. Bg5
Kd7 48. Qh6 Bg6 49. Bf3 Kc7 50. Bf6 Kd7 1/2-1/2

[Event "London m2"]
[Site "London"]
[Date "1987.??.??"]
[Round "3"]
[White "Levitt, Jonathan"]
[Black "Anand, Viswanathan"]
[Result "0-1"]
[WhiteElo "2430"]
[BlackElo "2500"]
[PlyCount "76"]
[EventDate "1987.06.??"]
[Source "ChessBase"]
[SourceDate "1996.11.15"]

1. d4 Nf6 2. c4 e6 3. Nf3 Bb4+ 4. Nbd2 d5 5. e3 O-O 6. a3 Be7 7. Be2 Nbd7 8.
O-O c6 9. b3 Ne4 10. Qc2 f5 11. Ne1 Bd6 12. Nd3 Qe7 13. Nf3 b6 14. cxd5 cxd5
15. Bd2 Ba6 16. Qb2 Nxd2 17. Nxd2 Bxd3 18. Bxd3 e5 19. Bb5 e4 20. g3 Nf6 21. b4
a6 22. Be2 g5 23. Rfc1 f4 24. Rc6 b5 25. Nb3 Qd7 26. Rac1 Kh8 27. Rb6 fxg3 28.
hxg3 Bxg3 29. fxg3 Qh3 30. Bd1 Nd7 31. Qg2 Qxg2+ 32. Kxg2 Nxb6 33. Na5 Rac8 34.
Rc5 Rxc5 35. bxc5 Nc4 36. Nxc4 bxc4 37. c6 Rc8 38. Ba4 c3 0-1

[Event "London m2"]
[Site "London"]
[Date "1987.??.??"]
[Round "4"]
[White "Anand, Viswanathan"]
[Black "Levitt, Jonathan"]
[Result "1/2-1/2"]
[WhiteElo "2500"]
[BlackElo "2430"]
[PlyCount "70"]
[EventDate "1987.06.??"]
[Source "ChessBase"]
[SourceDate "1996.11.15"]

1. e4 e6 2. d4 d5 3. Nc3 Bb4 4. e5 c5 5. a3 Bxc3+ 6. bxc3 Ne7 7. Nf3 Bd7 8. a4
Qa5 9. Qd2 Nbc6 10. Ba3 cxd4 11. cxd4 Qxd2+ 12. Kxd2 Rc8 13. Bd3 Na5 14. Rhb1
f6 15. Ke2 Kf7 16. g4 Ng6 17. Bc1 fxe5 18. dxe5 b6 19. Ng5+ Kg8 20. f4 Rf8 21.
f5 Nxe5 22. fxe6 h6 23. Bh7+ Rxh7 24. Nxh7 Kxh7 25. exd7 Nac6 26. Bb2 Nc4 27.
Bc3 Rd8 28. Rd1 Rxd7 29. Bd4 Re7+ 30. Kf3 Re4 31. c3 N6e5+ 32. Bxe5 Nxe5+ 33.
Kg2 Re2+ 34. Kg3 Re3+ 35. Kg2 Re2+ 1/2-1/2

[Event "Moscow-B"]
[Site "Moscow"]
[Date "1987.??.??"]
[Round "?"]
[White "Anand, Viswanathan"]
[Black "Davies, Nigel R"]
[Result "0-1"]
[WhiteElo "2500"]
[BlackElo "2420"]
[PlyCount "76"]
[EventDate "1987.06.??"]
[Source "ChessBase"]

1. e4 d6 2. d4 g6 3. Nc3 Bg7 4. Be3 a6 5. h4 Nf6 6. f3 b5 7. Qd2 Bb7 8. O-O-O
h5 9. Nh3 Nbd7 10. Kb1 Rc8 11. Qe1 e5 12. d5 c6 13. dxc6 Rxc6 14. Ng5 Qc7 15.
Qd2 Rxc3 16. Qxc3 Qxc3 17. bxc3 d5 18. exd5 Nxd5 19. Bd2 N7f6 20. Ne4 O-O 21.
c4 bxc4 22. Ba5 Bc6 23. a3 Rb8+ 24. Ka2 Ba4 25. Rc1 Bh6 26. Bd2 Bxd2 27. Nxd2
Ne3 28. Be2 Rd8 29. Nf1 Nxc2 30. Kb2 c3+ 31. Ka2 Nd4 32. Bd3 Bb3+ 33. Ka1 Nd5
34. Be4 Ne2 35. Bxd5 Rxd5 36. Re1 Nd4 37. Rc1 Ne2 38. Re1 Rd3 0-1

[Event "Moscow-B"]
[Site "Moscow"]
[Date "1987.??.??"]
[Round "?"]
[White "Anand, Viswanathan"]
[Black "Kotronias, Vasilios"]
[Result "1-0"]
[WhiteElo "2500"]
[BlackElo "2440"]
[PlyCount "67"]
[EventDate "1987.06.??"]
[Source "ChessBase"]

1. e4 c5 2. Nf3 e6 3. d4 cxd4 4. Nxd4 a6 5. Bd3 Nf6 6. O-O d6 7. c4 b6 8. Nc3
Bb7 9. Qe2 Nc6 10. Nxc6 Bxc6 11. f4 Be7 12. e5 dxe5 13. fxe5 Nd7 14. Bf4 g5 15.
Bg3 h5 16. Be4 Bxe4 17. Nxe4 h4 18. Bf2 Nxe5 19. Nxg5 Bxg5 20. Qxe5 Rg8 21. Qe4
Rc8 22. Rad1 Qc7 23. b3 Bf4 24. h3 Bh2+ 25. Kh1 Bg3 26. Qh7 Rf8 27. Be3 f6 28.
Qe4 Qc6 29. Qg6+ Ke7 30. Bd4 e5 31. Bb2 Qc5 32. Rf5 Qb4 33. Qg7+ Rf7 34. Rd7+
1-0

[Event "Moscow-B"]
[Site "Moscow"]
[Date "1987.??.??"]
[Round "?"]
[White "Foisor, Ovidiu"]
[Black "Anand, Viswanathan"]
[Result "1-0"]
[WhiteElo "2495"]
[BlackElo "2500"]
[PlyCount "89"]
[EventDate "1987.06.??"]
[Source "ChessBase"]

1. d4 d5 2. c4 dxc4 3. Nf3 a6 4. e3 Nf6 5. Bxc4 e6 6. a4 c5 7. O-O Nc6 8. Qe2
Be7 9. Rd1 O-O 10. Nc3 Qc7 11. Bd2 Rd8 12. Be1 Bd7 13. d5 exd5 14. Nxd5 Nxd5
15. Bxd5 Bf6 16. Bc3 Bxc3 17. bxc3 Be8 18. e4 Qe7 19. a5 Rab8 20. Qe3 b5 21.
axb6 Rxb6 22. h3 h6 23. Nd2 Ne5 24. Ra5 Bb5 25. Rda1 Nc6 26. R5a2 Rbb8 27. Rb2
Qf6 28. Rab1 Qd6 29. c4 Ba4 30. Qa3 Rxb2 31. Rxb2 Bd1 32. Rb6 Qf4 33. Rxc6 Qxd2
34. Qxc5 Qc1 35. Kh2 Bh5 36. Rxa6 Kh7 37. Qc7 Re8 38. Ra7 Re7 39. Qc5 Qf4+ 40.
g3 Qc1 41. Ra3 Re8 42. Qe3 Qd1 43. Rd3 Qb1 44. Rb3 Qc2 45. Rc3 1-0

[Event "Philadelphia op"]
[Site "Philadelphia"]
[Date "1987.??.??"]
[Round "?"]
[White "Anand, Viswanathan"]
[Black "Asmundsson, Ingvar"]
[Result "1-0"]
[WhiteElo "2500"]
[BlackElo "2375"]
[PlyCount "107"]
[EventDate "1987.06.??"]
[Source "ChessBase"]
[SourceDate "1996.11.15"]

1. e4 Nf6 2. e5 Nd5 3. d4 d6 4. Nf3 Bg4 5. Be2 e6 6. O-O Be7 7. c4 Nb6 8. Nc3
O-O 9. Be3 N8d7 10. b3 dxe5 11. Nxe5 Bxe2 12. Qxe2 Nxe5 13. dxe5 Nd7 14. Rad1
Qc8 15. f4 Bc5 16. Ne4 Bxe3+ 17. Qxe3 Rd8 18. h4 Nf8 19. h5 h6 20. Qc5 Rd7 21.
Qb4 b6 22. Qa4 Qd8 23. Rxd7 Qxd7 24. Qxd7 Nxd7 25. Rd1 Nc5 26. Nc3 a6 27. b4
Nb7 28. Rd7 Rc8 29. f5 Nd8 30. b5 axb5 31. cxb5 Kf8 32. f6 Nb7 33. Ne4 Na5 34.
Rd4 c5 35. Rd7 Nc4 36. Nd6 Nxe5 37. Rxf7+ Nxf7 38. Nxc8 gxf6 39. Nxb6 Ke7 40.
Na4 Kd6 41. Nc3 c4 42. a4 Kc5 43. a5 Nd6 44. b6 Kc6 45. g4 Kb7 46. Kf2 Ka6 47.
Ke3 f5 48. g5 hxg5 49. h6 e5 50. h7 Nf7 51. Na4 Kb7 52. Nc5+ Kc6 53. b7 Kc7 54.
a6 1-0

[Event "Philadelphia op"]
[Site "Philadelphia"]
[Date "1987.??.??"]
[Round "?"]
[White "Dehmelt, Karl"]
[Black "Anand, Viswanathan"]
[Result "0-1"]
[WhiteElo "2350"]
[BlackElo "2500"]
[PlyCount "104"]
[EventDate "1987.06.??"]
[Source "ChessBase"]
[SourceDate "1996.11.15"]

1. e4 e5 2. Nf3 Nc6 3. Bb5 a6 4. Bxc6 dxc6 5. O-O f6 6. d4 Bg4 7. dxe5 Qxd1 8.
Rxd1 fxe5 9. Rd3 Bd6 10. Nbd2 b5 11. b3 Ne7 12. Bb2 Ng6 13. h3 Bc8 14. Nf1 O-O
15. N1h2 c5 16. c4 Rb8 17. Nd2 Nf4 18. Re3 Ne6 19. Rc1 Bd7 20. Nhf3 Nd4 21.
Ree1 Nc6 22. Red1 Be6 23. Bc3 bxc4 24. Nxc4 Bxc4 25. bxc4 Nd4 26. Bxd4 exd4 27.
Rb1 Rfe8 28. Nd2 Rb4 29. Rxb4 cxb4 30. f3 a5 31. Kf1 a4 32. Ke2 c5 33. Kd3 h5
34. h4 Rb8 35. e5 Bxe5 36. Ke4 Bd6 37. Kd5 Bf8 38. Ne4 Be7 39. g3 Kf7 40. Nf2
b3 41. axb3 Rxb3 42. Nd3 a3 43. Ne5+ Kg8 44. g4 d3 45. Ke6 Bf6 46. Rd2 hxg4 47.
fxg4 Rb2 48. Rxd3 a2 49. Ra3 Re2 50. Ra8+ Kh7 51. Kf7 Bxe5 52. g5 Rf2+ 0-1

[Event "Frunze"]
[Site "Frunze"]
[Date "1987.??.??"]
[Round "?"]
[White "Anand, Viswanathan"]
[Black "Kantsler, Boris"]
[Result "1-0"]
[WhiteElo "2505"]
[BlackElo "2450"]
[PlyCount "101"]
[EventDate "1987.09.??"]
[Source "ChessBase"]

1. e4 g6 2. d4 Bg7 3. Nc3 c6 4. f4 d5 5. e5 Nh6 6. Nf3 O-O 7. Be3 Bg4 8. Be2 f6
9. O-O fxe5 10. fxe5 Bxf3 11. Bxf3 e6 12. Ne2 Nf5 13. Bf2 Qe7 14. c3 Nd7 15. a4
c5 16. a5 Rac8 17. Kh1 Kh8 18. Qd3 Nb8 19. Bg1 Nc6 20. a6 c4 21. Qc2 b5 22. Bg4
Bh6 23. Rf3 b4 24. Raf1 bxc3 25. bxc3 Qa3 26. Nf4 Rce8 27. Bxf5 Rxf5 28. Be3
Bxf4 29. Bxf4 Ref8 30. g4 R5f7 31. Bc1 Qe7 32. Rxf7 Rxf7 33. Rxf7 Qxf7 34. Kg2
Qe7 35. Kg3 Qf8 36. Kg2 Qe7 37. h3 Qh4 38. Bd2 Qd8 39. Qb2 Qa5 40. Bh6 Qc7 41.
Qf2 Qe7 42. Bg5 Qe8 43. Qb2 Qb8 44. Qb7 Qxb7 45. axb7 a5 46. Be7 Kg8 47. Bd6 a4
48. Kf2 Kf7 49. Ke2 Ke8 50. Kd2 Kd7 51. Kc2 1-0

[Event "Frunze"]
[Site "Frunze"]
[Date "1987.??.??"]
[Round "?"]
[White "Anand, Viswanathan"]
[Black "Vaisser, Anatoli"]
[Result "1/2-1/2"]
[WhiteElo "2505"]
[BlackElo "2490"]
[PlyCount "33"]
[EventDate "1987.09.??"]
[Source "ChessBase"]

1. e4 c5 2. Nf3 Nc6 3. Bb5 e6 4. O-O Nge7 5. Re1 a6 6. Bf1 Ng6 7. c3 d5 8. exd5
Qxd5 9. d4 Bd6 10. c4 Qh5 11. dxc5 Bxc5 12. h3 Nh4 13. Nxh4 Qxh4 14. Be3 Bxe3
15. Rxe3 O-O 16. Nc3 Qe7 17. Bd3 1/2-1/2

[Event "Frunze"]
[Site "Frunze"]
[Date "1987.??.??"]
[Round "?"]
[White "Matveeva, Svetlana"]
[Black "Anand, Viswanathan"]
[Result "0-1"]
[WhiteElo "2380"]
[BlackElo "2505"]
[PlyCount "90"]
[EventDate "1987.09.??"]
[Source "ChessBase"]

1. d4 Nf6 2. c4 c5 3. e3 d5 4. Nc3 cxd4 5. exd4 Nc6 6. Nf3 e6 7. cxd5 Nxd5 8.
Bc4 Be7 9. O-O O-O 10. Re1 a6 11. Bb3 Nxc3 12. bxc3 b5 13. Qd3 Bb7 14. Bc2 g6
15. Bh6 Re8 16. Rad1 Rc8 17. h4 Qd5 18. Bb3 Qh5 19. Qe3 Na5 20. Bg5 Nxb3 21.
axb3 Bxg5 22. hxg5 Bxf3 23. gxf3 Red8 24. d5 Rxd5 25. Rxd5 exd5 26. Kg2 h6 27.
gxh6 Kh7 28. Qe7 Qf5 29. Qe3 Qf6 30. Rc1 a5 31. Qd2 Rc5 32. b4 axb4 33. cxb4
Rxc1 34. Qxc1 d4 35. Qc5 d3 36. Qd5 Qf5 37. Qd8 Kxh6 38. Qh8+ Kg5 39. Qd8+ f6
40. Qd6 Kh6 41. Qf8+ Kh5 42. Qh8+ Kg5 43. Qd8 Kh4 44. Qd6 Qh3+ 45. Kg1 Qxf3 0-1

[Event "New Delhi"]
[Site "Delhi"]
[Date "1987.??.??"]
[Round "?"]
[White "Anand, Viswanathan"]
[Black "Sahu, Sekhar Chandra"]
[Result "1-0"]
[WhiteElo "2505"]
[BlackElo "2380"]
[PlyCount "80"]
[EventDate "1987.11.??"]
[Source "ChessBase"]

1. e4 c5 2. Nf3 d6 3. d4 cxd4 4. Nxd4 Nf6 5. Nc3 Nc6 6. Bc4 e6 7. Be3 Bd7 8.
Qe2 Rc8 9. Bb3 a6 10. O-O-O Na5 11. f3 Be7 12. g4 b5 13. g5 Nh5 14. Qd2 Nc4 15.
Bxc4 Rxc4 16. Nce2 g6 17. Ng3 Ng7 18. Kb1 e5 19. Nde2 Bh3 20. Ng1 Be6 21. h4
Qc7 22. h5 Nxh5 23. Nxh5 gxh5 24. Ne2 h4 25. b3 Rc6 26. Rxh4 f5 27. Rh6 Qc8 28.
g6 f4 29. Nxf4 exf4 30. Bd4 Bf8 31. Rh2 Rc7 32. Bxh8 hxg6 33. Qxf4 a5 34. Qg5
Rc5 35. Qxg6+ Bf7 36. Qg2 a4 37. Bg7 Rxc2 38. Qxc2 Qxc2+ 39. Kxc2 axb3+ 40.
axb3 Bxg7 1-0

[Event "New Delhi"]
[Site "Delhi"]
[Date "1987.??.??"]
[Round "?"]
[White "Anand, Viswanathan"]
[Black "Thipsay, Praveen Mahadeo"]
[Result "1-0"]
[WhiteElo "2505"]
[BlackElo "2420"]
[PlyCount "116"]
[EventDate "1987.11.??"]
[Source "ChessBase"]

1. e4 e5 2. Nf3 Nc6 3. Bb5 a6 4. Ba4 Nf6 5. O-O Be7 6. Re1 b5 7. Bb3 O-O 8. c3
d6 9. a4 Bg4 10. d3 Na5 11. Bc2 c5 12. Nbd2 Re8 13. h3 Bd7 14. Nf1 Bf8 15. Ng3
g6 16. Nh2 Qc7 17. Qf3 Bg7 18. Bg5 Re6 19. axb5 axb5 20. d4 exd4 21. cxd4 Rae8
22. Rec1 cxd4 23. Nf5 Qb6 24. Nxg7 Kxg7 25. Qf4 d3 26. Bxd3 Nb3 27. Nf3 Nxc1
28. Rxc1 Ng8 29. Qd2 f6 30. Be3 Qb8 31. Qa5 Rc8 32. Rd1 b4 33. Bf4 Qc7 34. Qxb4
Rb8 35. Qd2 Qb6 36. Bc4 Rxe4 37. Bxd6 Rc8 38. b3 Bc6 39. Nd4 Bd7 40. Bf4 Ree8
41. Kh2 Re7 42. Ra1 Kh8 43. Ra6 Qb7 44. Rd6 Rf8 45. Bg3 Qc8 46. Ba6 Qa8 47. b4
Bc8 48. Bc4 Bb7 49. f3 Rc8 50. Bxg8 Kxg8 51. Rxf6 Bd5 52. Qg5 Qb7 53. Nf5 Re2
54. Nd4 Re7 55. h4 Rf7 56. Rd6 Rd7 57. Nf5 Re8 58. Nh6+ Kg7 1-0

[Event "New Delhi"]
[Site "Delhi"]
[Date "1987.??.??"]
[Round "?"]
[White "Anand, Viswanathan"]
[Black "Vasiukov, Evgeni"]
[Result "1/2-1/2"]
[WhiteElo "2505"]
[BlackElo "2490"]
[PlyCount "43"]
[EventDate "1987.11.??"]
[Source "ChessBase"]

1. e4 c6 2. d4 d5 3. Nc3 dxe4 4. Nxe4 Nd7 5. Bc4 Ngf6 6. Nxf6+ Nxf6 7. c3 Qc7
8. Nf3 Bg4 9. h3 Bh5 10. g4 Bg6 11. Ne5 e6 12. Qe2 Bd6 13. Bb3 Bxe5 14. Qxe5
Qxe5+ 15. dxe5 Nd7 16. f4 Nc5 17. O-O Bd3 18. Rd1 Nxb3 19. axb3 Bc2 20. Rd4 c5
21. Rd6 h5 22. g5 1/2-1/2

[Event "New Delhi"]
[Site "Delhi"]
[Date "1987.??.??"]
[Round "?"]
[White "Csom, Istvan"]
[Black "Anand, Viswanathan"]
[Result "1/2-1/2"]
[WhiteElo "2480"]
[BlackElo "2505"]
[PlyCount "27"]
[EventDate "1987.11.??"]
[Source "ChessBase"]

1. c4 e5 2. Nc3 Nf6 3. e4 Bb4 4. d3 O-O 5. Nf3 Re8 6. Be2 c6 7. Bg5 d6 8. O-O
Bxc3 9. bxc3 Bg4 10. Nd2 Bxe2 11. Qxe2 Nbd7 12. Rab1 Qc7 13. Rfd1 d5 14. Bxf6
1/2-1/2

[Event "New Delhi"]
[Site "Delhi"]
[Date "1987.??.??"]
[Round "?"]
[White "Hegde, Ravi Gopal"]
[Black "Anand, Viswanathan"]
[Result "1/2-1/2"]
[WhiteElo "2345"]
[BlackElo "2505"]
[PlyCount "121"]
[EventDate "1987.11.??"]
[Source "ChessBase"]

1. Nf3 Nf6 2. b3 g6 3. Bb2 Bg7 4. g3 O-O 5. Bg2 d6 6. d4 Nc6 7. O-O a5 8. c4
Bd7 9. Nc3 e5 10. dxe5 dxe5 11. Ng5 Qe7 12. Qd2 Rfd8 13. Rad1 Bh3 14. Qc1 Bxg2
15. Kxg2 h6 16. Nge4 Nxe4 17. Nxe4 Nd4 18. e3 Ne6 19. Rxd8+ Rxd8 20. Nc3 Qe8
21. Rd1 Nc5 22. Rxd8 Qxd8 23. Ba3 Nd3 24. Qf1 f5 25. Be7 Qd7 26. Nd5 e4 27.
Nf6+ Bxf6 28. Bxf6 g5 29. Qe2 Kf7 30. Bc3 Kg6 31. Bxa5 g4 32. Bc3 h5 33. Kg1
Nc5 34. Qd2 Qd3 35. Kg2 Kf7 36. Qxd3 exd3 37. f3 Ke6 38. Kf2 gxf3 39. Kxf3 Ne4
40. Bb2 Kd6 41. Bg7 Kc5 42. Bf8+ Kc6 43. Bb4 Kd7 44. Ba3 Nc3 45. Bc1 Ke6 46.
Kf2 Ne4+ 47. Ke1 Kf6 48. Bd2 Kg5 49. b4 Kg4 50. a4 Kh3 51. a5 Kxh2 52. b5 Kxg3
53. a6 bxa6 54. bxa6 h4 55. a7 h3 56. Ba5 Kf3 57. a8=Q h2 58. Qh8 d2+ 59. Bxd2
Kg2 60. Ba5 c5 61. Qg7+ 1/2-1/2

[Event "New Delhi"]
[Site "Delhi"]
[Date "1987.??.??"]
[Round "?"]
[White "Mithrakanth, Poorna Sharma"]
[Black "Anand, Viswanathan"]
[Result "0-1"]
[WhiteElo "2310"]
[BlackElo "2505"]
[PlyCount "66"]
[EventDate "1987.11.??"]
[Source "ChessBase"]

1. e4 c5 2. Nf3 Nc6 3. d4 cxd4 4. Nxd4 Qb6 5. Nb3 Nf6 6. Nc3 e6 7. Be3 Qc7 8.
Bd3 a6 9. O-O Be7 10. f4 d6 11. a4 b6 12. Qe2 O-O 13. Kh1 Bb7 14. Nd4 Nb4 15.
Bg1 Nd7 16. Rf3 Bf6 17. Rh3 g6 18. f5 Rae8 19. Qd2 Bg7 20. Rf1 Nxd3 21. cxd3
exf5 22. exf5 Nf6 23. Qf4 Re5 24. Qh4 h6 25. Be3 g5 26. Qg3 Rfe8 27. Nc2 Nd5
28. Bd4 Nxc3 29. Bxc3 Re2 30. Ne1 Bxc3 31. bxc3 Qxc3 32. Nf3 Bxf3 33. Qxf3 Re1
0-1

[Event "New Delhi"]
[Site "Delhi"]
[Date "1987.??.??"]
[Round "?"]
[White "Vaisser, Anatoli"]
[Black "Anand, Viswanathan"]
[Result "1/2-1/2"]
[WhiteElo "2490"]
[BlackElo "2505"]
[PlyCount "33"]
[EventDate "1987.11.??"]
[Source "ChessBase"]

1. d4 Nf6 2. c4 e6 3. Nf3 Bb4+ 4. Bd2 Bxd2+ 5. Qxd2 O-O 6. Nc3 d5 7. e3 Qe7 8.
Rc1 Rd8 9. Qc2 dxc4 10. Bxc4 c5 11. O-O cxd4 12. Nxd4 Bd7 13. Rfd1 Nc6 14. Bb5
Nxd4 15. Rxd4 Bxb5 16. Nxb5 a6 17. Rxd8+ 1/2-1/2

[Event "Coimbatore"]
[Site "Coimbatore"]
[Date "1987.??.??"]
[Round "?"]
[White "Anand, Viswanathan"]
[Black "Csom, Istvan"]
[Result "1/2-1/2"]
[WhiteElo "2505"]
[BlackElo "2480"]
[PlyCount "29"]
[EventDate "1987.12.??"]
[Source "ChessBase"]
[SourceDate "1996.11.15"]

1. e4 c6 2. d4 g6 3. Nc3 Bg7 4. Bc4 d6 5. Qf3 e6 6. Nge2 Nd7 7. O-O Ngf6 8. Bb3
O-O 9. Bg5 Re8 10. Rad1 Qa5 11. Bd2 Qc7 12. h3 a5 13. a4 e5 14. Bg5 b6 15. d5
1/2-1/2

[Event "Coimbatore"]
[Site "Coimbatore"]
[Date "1987.??.??"]
[Round "?"]
[White "Anand, Viswanathan"]
[Black "Hegde, Ravi Gopal"]
[Result "1-0"]
[WhiteElo "2505"]
[BlackElo "2345"]
[PlyCount "91"]
[EventDate "1987.12.??"]
[Source "ChessBase"]
[SourceDate "1996.11.15"]

1. e4 Nf6 2. e5 Nd5 3. d4 d6 4. Nf3 g6 5. Bc4 Nb6 6. Bb3 Bg7 7. Ng5 d5 8. f4
Nc6 9. c3 Bf5 10. O-O Qd7 11. Qe1 h6 12. Nf3 O-O-O 13. Nbd2 Rdg8 14. Nh4 Bf8
15. Nxf5 gxf5 16. Bd1 e6 17. Bh5 Rh7 18. Nf3 Kb8 19. b3 Rhg7 20. Rf2 Nc8 21.
Be3 Be7 22. Kh1 f6 23. Rc2 fxe5 24. dxe5 Qd8 25. Rd1 Qf8 26. Qg1 Nb6 27. g3 Nd7
28. c4 Nb4 29. Rcd2 Nc5 30. a3 Nc6 31. cxd5 exd5 32. Rxd5 Ne4 33. Qe1 Bxa3 34.
Nd4 Nxd4 35. R5xd4 Be7 36. Bf2 Qc8 37. Rxe4 fxe4 38. Qxe4 Rd8 39. Rxd8 Bxd8 40.
Bf3 c6 41. f5 Qd7 42. f6 Rg8 43. e6 Qd2 44. Be1 Qd6 45. f7 Rf8 46. Bb4 1-0

[Event "Coimbatore"]
[Site "Coimbatore"]
[Date "1987.??.??"]
[Round "?"]
[White "Anand, Viswanathan"]
[Black "Mithrakanth, Poorna Sharma"]
[Result "1-0"]
[WhiteElo "2505"]
[BlackElo "2310"]
[PlyCount "53"]
[EventDate "1987.12.??"]
[Source "ChessBase"]
[SourceDate "1996.11.15"]

1. e4 c5 2. Nf3 e6 3. d4 cxd4 4. Nxd4 Nf6 5. Nc3 d6 6. Be3 a6 7. Qd2 Nc6 8.
O-O-O Be7 9. f3 h6 10. g4 Nxd4 11. Bxd4 e5 12. Be3 Be6 13. h4 Qa5 14. Qf2 Qc7
15. Be2 Rc8 16. Kb1 b5 17. Bd3 Qc6 18. g5 hxg5 19. hxg5 Rxh1 20. Rxh1 Nd7 21.
g6 Nc5 22. Bxc5 dxc5 23. Nd5 Bxd5 24. exd5 Qxd5 25. Qg2 Bf6 26. Rh8+ Kd7 27.
Qh3+ 1-0

[Event "Coimbatore"]
[Site "Coimbatore"]
[Date "1987.??.??"]
[Round "?"]
[White "Anand, Viswanathan"]
[Black "Thipsay, Praveen Mahadeo"]
[Result "1-0"]
[WhiteElo "2505"]
[BlackElo "2420"]
[PlyCount "139"]
[EventDate "1987.12.??"]
[Source "ChessBase"]
[SourceDate "1996.11.15"]

1. e4 e5 2. Nf3 Nc6 3. Bb5 a6 4. Bxc6 dxc6 5. O-O f6 6. d4 Bg4 7. dxe5 Qxd1 8.
Rxd1 fxe5 9. Rd3 Bd6 10. Nbd2 Nf6 11. Nc4 O-O 12. Nfxe5 Be2 13. Rd2 Bxc4 14.
Nxc4 Bc5 15. Re2 Rae8 16. Nd2 Rd8 17. g3 Ng4 18. Nb3 Rxf2 19. Rxf2 Bxf2+ 20.
Kg2 Be3 21. h3 Bxc1 22. Rxc1 Ne5 23. g4 b6 24. c3 c5 25. Rc2 Rd3 26. Nc1 Rd1
27. Ne2 Nd3 28. Kg3 c4 29. b3 b5 30. bxc4 bxc4 31. Nd4 Kf7 32. Re2 Nc5 33. Rf2+
Ke8 34. Rf5 Rd3+ 35. Kf2 Nd7 36. Rf3 Rd2+ 37. Ke3 Rxa2 38. Ne6 g6 39. Nxc7+ Kd8
40. Nd5 a5 41. Rf7 h5 42. gxh5 gxh5 43. Rh7 Kc8 44. Kd4 Re2 45. Rxh5 a4 46. Ne3
Kb7 47. Nxc4 Rxe4+ 48. Kxe4 Nf6+ 49. Kf5 Nxh5 50. Kg5 Ng3 51. h4 Kc6 52. h5
Nxh5 53. Kxh5 Kc5 54. Na3 Kd5 55. Kg4 Ke4 56. c4 Kd4 57. Kf3 Kc5 58. Ke3 Kb4
59. Kd3 Kxa3 60. c5 Kb2 61. c6 a3 62. c7 a2 63. c8=Q a1=Q 64. Qc2+ Ka3 65. Qc5+
Ka2 66. Qc4+ Ka3 67. Qa6+ Kb2 68. Qb6+ Kc1 69. Qc5+ Kb2 70. Qb4+ 1-0

[Event "Coimbatore"]
[Site "Coimbatore"]
[Date "1987.??.??"]
[Round "?"]
[White "Anand, Viswanathan"]
[Black "Vasiukov, Evgeni"]
[Result "1-0"]
[WhiteElo "2505"]
[BlackElo "2490"]
[PlyCount "121"]
[EventDate "1987.12.??"]
[Source "ChessBase"]
[SourceDate "1996.11.15"]

1. e4 c5 2. Nf3 e6 3. d4 cxd4 4. Nxd4 a6 5. Bd3 Qb6 6. Nb3 Qc7 7. O-O Nf6 8. c4
Nc6 9. Nc3 Ne5 10. Bf4 d6 11. Rc1 b6 12. Bb1 Be7 13. Nd4 O-O 14. b3 Bb7 15. Bg3
Ned7 16. f4 Nc5 17. Qe2 g6 18. Kh1 Nh5 19. Be1 Bf6 20. Qd2 Qd8 21. b4 Nd7 22.
Nf3 Rc8 23. Ne2 Be7 24. Ng3 Nxg3+ 25. Bxg3 Nf6 26. Qe3 b5 27. cxb5 axb5 28. f5
Rxc1 29. Rxc1 e5 30. Bh4 Qa8 31. h3 Rc8 32. Rf1 Kg7 33. Qf2 Bxe4 34. fxg6 fxg6
35. Bxf6+ Bxf6 36. Nd2 Bf5 37. Bxf5 gxf5 38. Qxf5 Rf8 39. Qd7+ Rf7 40. Qxd6
Qxa2 41. Ne4 Qc4 42. Ng3 Be7 43. Qxe5+ Kg8 44. Re1 Bf8 45. Re4 Re7 46. Qg5+ Rg7
47. Qe3 Qf7 48. Rf4 Qd5 49. Qe8 Rf7 50. Rg4+ Kh8 51. Kh2 h6 52. Re4 Qd7 53. Qa8
Kh7 54. Re8 Bd6 55. Rh8+ Kg6 56. Qg8+ Rg7 57. Qb3 Kf6 58. Qf3+ Ke7 59. Qf8+ Ke6
60. Rxh6+ Kd5 61. Rxd6+ 1-0

[Event "Coimbatore"]
[Site "Coimbatore"]
[Date "1987.??.??"]
[Round "?"]
[White "Geller, Efim P"]
[Black "Anand, Viswanathan"]
[Result "0-1"]
[WhiteElo "2515"]
[BlackElo "2505"]
[PlyCount "110"]
[EventDate "1987.12.??"]
[Source "ChessBase"]
[SourceDate "1996.11.15"]

1. e4 e5 2. Nf3 Nf6 3. Nxe5 d6 4. Nf3 Nxe4 5. d4 d5 6. Bd3 Be7 7. O-O Nc6 8. c4
Nf6 9. Nc3 O-O 10. cxd5 Nxd5 11. Re1 Be6 12. a3 Bf6 13. Be4 Nce7 14. Ng5 Bxg5
15. Bxg5 f6 16. Bd2 Qd7 17. Qc2 f5 18. Bf3 c6 19. Re2 Ng6 20. Rae1 Nxc3 21.
Bxc3 Bc4 22. Re3 f4 23. Bb4 fxe3 24. Qxc4+ Qf7 25. Qxf7+ Rxf7 26. fxe3 Re8 27.
Bc5 a6 28. Bd1 Kh8 29. a4 Nf4 30. Bc2 Rd7 31. Kf2 Nd5 32. e4 b6 33. Ba3 Nf6 34.
Ke3 Nd5+ 35. Kf3 Nc7 36. Rd1 Red8 37. Ke3 Ne6 38. a5 Nxd4 39. Rc1 b5 40. Bc5
Nxc2+ 41. Rxc2 Kg8 42. Bb6 Rc8 43. b4 Kf7 44. Bd4 Ke6 45. g4 Rcd8 46. Rxc6+ Rd6
47. Rb6 Rxb6 48. axb6 g6 49. g5 Kd6 50. Kf4 Kc6 51. Be3 a5 52. bxa5 b4 53. e5
b3 54. Bc1 Rd1 55. Ba3 Re1 0-1

[Event "IND-ch"]
[Site "India"]
[Date "1988.??.??"]
[Round "?"]
[White "Anand, Viswanathan"]
[Black "Mohanty, Pabitra M"]
[Result "1/2-1/2"]
[WhiteElo "2520"]
[BlackElo "2350"]
[PlyCount "100"]
[EventDate "1988.??.??"]
[Source "ChessBase"]
[SourceDate "1996.11.15"]

1. e4 Nf6 2. e5 Nd5 3. d4 d6 4. Nf3 g6 5. Bc4 Nb6 6. Bd3 d5 7. O-O Bg7 8. Re1
a5 9. h3 O-O 10. c3 Na6 11. a4 c5 12. Be3 c4 13. Bc2 f5 14. Bf4 Nc7 15. Na3 Ne6
16. Bd2 Bd7 17. b3 Bc6 18. bxc4 Nxc4 19. Bb3 Nxa3 20. Rxa3 f4 21. h4 Bh6 22.
Bc2 b5 23. h5 Kg7 24. hxg6 hxg6 25. axb5 Bxb5 26. Bxg6 Bc4 27. Bb1 Rh8 28. Nh4
Bg5 29. Ng6 f3 30. Bf5 Rh6 31. Be3 Rxg6 32. Bxg6 Kxg6 33. Qc2+ Kh6 34. Qf5 Qg8
35. Qxf3 Qg6 36. Rea1 Kg7 37. Rxa5 Rf8 38. Qg3 Bxe3 39. Qxg6+ Kxg6 40. fxe3 Ng5
41. Ra8 Rf7 42. Rg8+ Kh5 43. Ra7 Bd3 44. Ra2 Rf1+ 45. Kh2 Be4 46. Rb2 Kh4 47.
Re2 Kh5 48. Rh8+ Kg4 49. Rg8 Kh5 50. Rh8+ Kg4 1/2-1/2